01221cam a2200253 a 45000010009000000050017000090080041000260200026000670200023000930400013001160820024001292450101001532600069002543000034003234900049003575200280004066500046006866500049007326500044007817000019008259420007008449990017008519520099008681720022620170214111900.0120306s2012 enka b 001 0 eng  a9780470711255 (cloth) a0470711256 (cloth) cPK-LaUMT00a616.85227223bOBS-00aObsessive-compulsive disorder :bcurrent science and clinical practice /cedited by Joseph Zohar aChichester, West Sussex ;aHoboken, NJ :bWiley-Blackwell,c2012 axvi, 339 p. :bill. ;c26 cm.0 aCurrent science and clinical practice series a"A clear summary of what is known about a highly prevalent and debilitating disorder that affects nearly as many people as does asthma. Expert authors review the biological basis for the disorder and describe both pharmacological and psychological approaches to treatment"--12aObsessive-Compulsive Disorderxdiagnosis.22aObsessive-Compulsive Disorderxdrug therapy.22aObsessive-Compulsive Disorderxtherapy.1 aZohar, Joseph. cBK c90958d90958 00104070a01b01d2017-02-14l0o616.85227 OBS-p104488r2017-02-14 00:00:00w2017-02-14yBK